Plan de acción nacional para los loros amenazados de Colombia : (Registro nro. 17493)

Detalles MARC
000 -CABECERA
Campo de control 01216nab a22002417a 4500
005 - FECHA Y HORA DE LA ULTIMA TRANSACCION
Campo de control 20150714115736.0
008 - ELEMENTOS DE LONGITUD FIJA—INFORMACION GENERAL
Campo de control 150627b2006 ck l. gr|||| 00| spa d
040 ## - FUENTE DE CATALOGACIÓN
Agencia catalogadora original CO-BoIAVH
Agencia transcriptora CO-BoIAVH
041 ## - IDIOMA
Código de idioma para texto/pista de sonido o título separado Español
044 ## - PAÍS DE PUBLICACIÓN
País de publicación Colombia
090 ## - CLASIFICACIÓN LOCAL
Colección AR
Consecutivo 01876
100 1# - ASIENTO PRINCIPAL--NOMBRE PERSONAL
Nombre personal Quevedo-Gil, Alonso
245 10 - MENCION DE TITULO
Título Plan de acción nacional para los loros amenazados de Colombia :
Parte restante del título una iniciativa para garantizar la conservacion de nuestros loros /
Mención de responsabilidad Alonso Quevedo-Gil
260 ## - PUBLICACION, DISTRIBUCION, ETC. (PIE DE IMPRENTA)
Lugar de publicación, distribución, etc. Bogotá:
Nombre del editor, distribuidor, etc. Fundación Proaves,
Fecha de publicación, distribución, etc. 2006.
300 ## - DESCRIPCION FISICA
Extensión Año 2006, Nro 1, Octubre, Pag. 9-20.
504 ## - NOTA DE BIBLIOGRAFIA, ETC.
Nota de bibliografía Incluye referencias bibliográficas (pag. 20)
520 ## - NOTA DE RESUMEN, ETC.
Nota de resumen En vista del valor de los loros amenazados como grupo de importancia para realizar acciones de conservación, Proaves inició en el 2002 un programa intensivo de localización y monitoreo de las poblaciones de las especies de loros mas raras y amenazadas de Colombia
650 1# - ASIENTO SECUNDARIO DE MATERIA - TERMINO TEMATICO
Término temático o nombre geográfico como elemento de entrada Loros amenazados
Subdivisión geográfica Colombia
650 1# - ASIENTO SECUNDARIO DE MATERIA - TERMINO TEMATICO
Término temático o nombre geográfico como elemento de entrada Loros amenazados
Subdivisión general planes de acción
Subdivisión geográfica Colombia
650 1# - ASIENTO SECUNDARIO DE MATERIA - TERMINO TEMATICO
Término temático o nombre geográfico como elemento de entrada Loros amenazados
Subdivisión geográfica Andes Colombianos
773 0# - Item fuente:
Lugar, editorial y fecha de publicación Bogotá : Fundación ProAves, 2006-
Otro identificador del ítem - Codigo de Barras 038445
Título Revista Conservación Colombiana
Número Internacional Normalizado para Publicaciones Seriadas - ISSN 19001592
942 ## - ELEMENTOS ADICIONALES (KOHA)
Sistema de clasificación Local
Tipo de ítem Artículo
Existencias
Withdrawn status Lost status Sistema de Clasificación Damaged status No para préstamo Colección Fecha publicación (Año) Número revista Ubicación Permanente Ubicación actual Fecha de adquisición Fuente de Valor Datos de publicación Seriada Total Checkouts Número topográfico Inventario / Código de Barras Date last seen Ejemplar Price effective from Tipo de material
    Local   No para Préstamo Hemeroteca 2006 1 Bogotá Bogotá 27/06/2015 Fundación Proaves Fuera de circulación   AR-01876 AUTO_29220 27/06/2015 Ej. 1 27/06/2015 Artículo